| 000 | 01055cab a2200205 4500 | ||
|---|---|---|---|
| 001 | ##L132753 | ||
| 008 | 060306n2006 000 0 eng u | ||
| 035 | _a(Sirsi) u132753 | ||
| 041 | 0 | _aeng | |
| 100 | 1 | _aRodger, Andrew | |
| 245 | 0 | 0 | _aCatch'em if you can |
| 260 | _c2006 | ||
| 490 | 0 |
_aEstates Gazette _v(0608) 25 February 2006, 166-167(2) |
|
| 520 | _aConsiders what LPA receivers really do. LPA receivers are appointed under the Law of Property Act 1925 by lenders to recover their money secured against a property, money which they have not been able to get back for whatever reason. Discusses why the current market is ripe for increased LPA work: yields cannot reduce any further; in the existing conditions there are many situations where there is actually a surplus to be handed back to the customer, and the impact of the Enterprise Act 2002 is yet to be fully felt. | ||
| 590 | _aIKA140306 | ||
| 650 | 2 | 4 | _aLAW OF PROPERTY ACT 1925 |
| 650 | 2 | 4 | _aENTERPRISE ACT 2002 |
| 690 | _aPROPERTY-PROPERTY FINANCE AND INVESTMENT | ||
| 942 | _n0 | ||
| 999 |
_c76604 _d76604 |
||